New concepts in ecological modelling (Record no. 117183)

MARC details
000 -LEADER
fixed length control field 00910cam a2200241 4500
001 - CONTROL NUMBER
control field ABS67729
008 - FIXED-LENGTH DATA ELEMENTS--GENERAL INFORMATION
fixed length control field 040407n2003 000 0 eng u
035 ## - SYSTEM CONTROL NUMBER
System control number (Sirsi) u125787
100 ## - MAIN ENTRY--PERSONAL NAME
Personal name MacMillan, R.
245 ## - TITLE STATEMENT
Title New concepts in ecological modelling
260 ## - PUBLICATION, DISTRIBUTION, ETC.
Date of publication, distribution, etc. 2003
490 ## - SERIES STATEMENT
Series statement Geo Informatics
Volume/sequential designation 7(2) March 2004, 46-49(3)
520 ## - SUMMARY, ETC.
Summary, etc. Describes new IT tools that not only have a wide application in soil science or forestry but also across a wide range of disciplines. Designed to give a wider picture, these tools can be used to produce detailed soil capability maps for precision farming or environmental risk maps for environmental impact assessments.
590 ## - LOCAL NOTE (RLIN)
Local note ABS
590 ## - LOCAL NOTE (RLIN)
Local note ABS
650 ## - SUBJECT ADDED ENTRY--TOPICAL TERM
Topical term or geographic name entry element MAPPING
650 ## - SUBJECT ADDED ENTRY--TOPICAL TERM
Topical term or geographic name entry element ENVIRONMENTAL IMPACT ASSESSMENTS
650 ## - SUBJECT ADDED ENTRY--TOPICAL TERM
Topical term or geographic name entry element ENVIRONMENTAL RISK
650 ## - SUBJECT ADDED ENTRY--TOPICAL TERM
Topical term or geographic name entry element FARMING
650 ## - SUBJECT ADDED ENTRY--TOPICAL TERM
Topical term or geographic name entry element MODELLING
690 ## - LOCAL SUBJECT ADDED ENTRY--TOPICAL TERM (OCLC, RLIN)
Topical term or geographic name as entry element GEOMATICS
9 (RLIN) 6242
942 ## - ADDED ENTRY ELEMENTS (KOHA)
Suppress in OPAC 0
Holdings
Withdrawn status Lost status Source of classification or shelving scheme Damaged status Not for loan Home library Current library Shelving location Date acquired Total Checkouts Full call number Barcode Date last seen Copy number Price effective from Koha item type
    Dewey Decimal Classification     London London Journal article 07/04/2004   ABS67729 125787-1001 06/08/2019 1 06/08/2019 Journal article